000 00761nas a2200241 4500
001 BR7908341
003 BR-BrBNA
005 20231205084023.0
007 ta
008 230509b bl.|||p| |||| 00| 00por d
040 _aBR-BrBNA
_bpor
_cBiblioteca Nacional de Agricultura
041 _a(Pt)
072 _aL30
110 1 _aUniversidade Federal de Santa Maria, RS (Brasil). Depto. de Zootecnia
_910936
245 1 _aBrasil tem substituto do leite para bezerros barato, fabricado a partir de farelo de soja
650 _aBEZERRO
650 _aLEITE
650 _aFARELO
650 _aSOJA
773 0 _tAgropecuaria (Brazil)
_xISSN 0365-2661
_g(Dec 1979), v. 1(9) p. 41-43
_wBR7908341
909 _a202311
_bLúcia
_c55
_dLúcia Elande
942 _2AGRIS
_n0
_cANA
999 _c102635
_d102635